00460nam a2200169Ia 4500999001700000003000400017005001700021008004100038040000900079082001800088100003700106245004900143260003700192300000900229650001000238942004200248 c15319d15319OSt20201230135444.0190216s9999||||xx |||||||||||||| ||und|| coclc a891.43bRAN/T aRanganayagamma, Mruppathre97993 0aThasha Ke Mahal /cMruppathre Ranganayagamma bNational Book Stall,aNew Delhi: a269p aHindi cBK2ddch891.43iRAN/Tk891.43mRAN/T